Colección de referencia de la Unesco para la enseñanza y el aprendizaje en materia de nutrición: introducción al volumen I
-д хадгалсан:
| Үндсэн зохиолч: | |
|---|---|
| Формат: | Ном |
| Хэл сонгох: | испани |
| Хэвлэсэн: |
París
UNESCO
1984
|
| Цуврал: | Serie de Educación sobre Nutrición, 8
|
| Нөхцлүүд: | |
| Шошгууд: |
Шошго нэмэх
Шошго байхгүй, Энэхүү баримтыг шошголох эхний хүн болох!
|
MARC
| LEADER | 00000nam a2200000 a 4500 | ||
|---|---|---|---|
| 001 | UCZ7355 | ||
| 003 | CL-VaPUC | ||
| 008 | 951228e19840000FR |||||||||||||||||spa|d | ||
| 082 | 0 | 4 | |a 372.37 |b VYN |2 21 |
| 100 | 0 | |a Vynckt, Susan van der |e author |9 352184 | |
| 245 | 1 | 0 | |a Colección de referencia de la Unesco para la enseñanza y el aprendizaje en materia de nutrición: introducción al volumen I |
| 300 | |a 85 p | ||
| 942 | |c BK | ||
| 945 | |d 19951228 00:00:00 |a cmena | ||
| 260 | |a París |b UNESCO |c 1984 | ||
| 650 | 0 | |a Nutrición |9 259434 | |
| 650 | 0 | |a Métodos de enseñanza |9 270413 | |
| 650 | 0 | |a Aprendizaje |9 254827 | |
| 650 | 0 | |a Escuelas |9 308582 | |
| 650 | 0 | |a Salud |9 258663 | |
| 650 | 7 | |a EDUCACION NUTRICIONAL |2 CL-VaPUC |9 338422 | |
| 583 | |a last modification |c 19951228 00:00:00 |k Rodrigo Vera | ||
| 490 | 0 | |a Serie de Educación sobre Nutrición, 8 | |
| 999 | |c 243447 |d 243445 | ||
| 952 | |0 0 |1 0 |4 0 |6 372_370000000000000_VYN_1984 |7 0 |8 P |9 257074 |a BIBEDU |b BIBEDU |c BIBEDU_PB |d 2019-11-19 |i 1623257 |o 372.37 VYN 1984 |p 1623257 |r 2024-01-25 |w 2019-11-19 |y BK |k EDU | ||